[Event "5th Cairns Cup 2025"]
[Site "Saint Louis USA"]
[Date "2025.06.19"]
[Round "9.2"]
[White "Dronavalli, Harika"]
[Black "Kashlinskaya, Alina"]
[Result "1/2-1/2"]
[Annotator "Tactical Analysis 7.0"]
[WhiteElo "2483"]
[BlackElo "2459"]
[PlyCount "75"]
[GameId "2190697097666213"]
[EventDate "2025.06.10"]

1. e4 e6 2. d4 d5 3. exd5 exd5 4. Nf3 Nf6 5. h3 Bd6 6. Bd3 O-O 7. O-O h6 8. Re1 Re8 {C01: French: Exchange Variation.} 9. Nbd2 Rxe1+ 10. Qxe1 Nc6 11. c3 {Prevents Nb4.} Ne7 12. Nf1 Bf5 13. Qe2 Bxd3 14. Qxd3 Ng6 15. Bd2 $146 ({Predecessor:} 15. g3 Qd7 16. Kg2 Ne4 17. c4 Qxh3+ 18. Kg1 Re8 19. c5 Bxg3 20. fxg3 Nxg3 21. Be3 Qh1+ 22. Kf2 Ne4+ {0-1 Wagener,A (2215)-Cosma,E (2310) Romania (Women) 1994}) 15... c6 16. Re1 Ne4 17. Bc1 Qd7 18. c4 Re8 19. cxd5 cxd5 20. a3 Rc8 21. Bd2 a6 22. Rc1 Rxc1 23. Bxc1 Qc6 24. Bd2 b5 (24... Qc4 {seems wilder.} 25. Qb1 Qe2 26. Qe1 Qd3) 25. g3 Qc8 26. Qb3 ({Don't play} 26. Ne3 Qxh3 27. Nxd5 Qh1+ 28. Kxh1 Nxf2+ 29. Kg2 Nxd3 $17) 26... Qf5 {[%cal Og6h4]} 27. Kg2 $1 Nh4+ 28. gxh4 {[#] and Be1 would now be decisive. The position is equal.} Qg6+ 29. Bg5 hxg5 30. Nxg5 Nxg5 31. hxg5 Qxg5+ 32. Ng3 Bxg3 33. Qxg3 $11 {KQ-KQ} Qf5 {[#] ...Qe4+ is the strong threat.} 34. Qe3 Qg6+ 35. Kh2 Qf5 36. Kg2 Qg6+ 37. Kh2 Qf5 {Weighted Error Value: White=0.08 (flawless) /Black=0.06 (flawless)} 38. Kg2 1/2-1/2

[Event "5th Cairns Cup 2025"]
[Site "Saint Louis USA"]
[Date "2025.06.19"]
[Round "9.3"]
[White "Yip, Carissa"]
[Black "Lee, Alice"]
[Result "1/2-1/2"]
[Annotator "Tactical Analysis 7.0"]
[WhiteElo "2431"]
[BlackElo "2389"]
[PlyCount "196"]
[GameId "2190703377510364"]
[EventDate "2025.06.10"]

1. e4 e5 2. Nf3 Nc6 3. Nc3 Nf6 4. d4 exd4 5. Nxd4 Bb4 6. Nxc6 bxc6 7. Bd3 O-O 8. O-O Re8 9. Re1 {C47: Scotch Four Knights and Four Knights with 4 g3.} d6 $1 {The main line 9...d6 scores better than 9...d5.} 10. Bg5 h6 11. Bh4 {White has an edge.} Rb8 12. h3 {next f4 is good for White.} g5 $1 13. Bg3 Nd7 $146 {[#]} (13... Ba5 $1 $11 {feels stronger.}) ({Predecessor:} 13... Ba5 14. Rb1 Rxb2 15. Rxb2 Bxc3 16. Rb8 Bxe1 17. Qxe1 Nxe4 18. Bxe4 f5 19. f3 fxe4 20. fxe4 {½-½ Hoffmann,H (1901)-Wittenberg,G (1865) GER MS-260 email GER email 2017}) 14. e5 Nxe5 $11 15. Bxe5 dxe5 {[#]} 16. Rxe5 $1 Be6 (16... Rxe5 $2 17. Bh7+ Kxh7 18. Qxd8 $18) (16... Bd6 17. Rxe8+) 17. Qf3 Bf8 18. Rd1 {[%cal Od3h7]} (18. Qe4 Bg7 19. Rc5 (19. Qh7+ Kf8 $15) 19... Rxb2 $15) 18... Bg7 $2 {[%mdl 8192] [#]} (18... Bd6 $14) 19. Bh7+ $1 $18 {[%csl Od8][%mdl 576] Discovered Attack} Kxh7 20. Rxd8 Rexd8 21. Re2 (21. Qe4+ Kg8 $16) 21... Rxb2 22. Qe4+ (22. Qxc6 $6 Kh8 $16) 22... Kh8 23. Qxc6 Rb4 (23... Rb6 24. Qxc7 Rc8 25. Qxa7 Rb2) 24. Qc5 (24. Qxc7 Rc8 $11) 24... Rc4 (24... a5 $142) 25. Qe7 (25. Qxa7 $2 Bxc3 (25... Rxc3 $2 26. Kh2 $19) 26. Kh2 Bf6 $19) 25... Rb8 {[%cal Og7f8]} 26. Ne4 $1 (26. Nb5 Bf8 27. Qf6+ Bg7 $11) 26... Rc6 (26... Rb1+ $6 27. Kh2 Rb8 (27... Be5+ $2 28. g3 $18) 28. Qa3 $16) (26... a5 {might work better.} 27. c3 a4) 27. Rd2 Kh7 28. Nf6+ Kg6 29. Nd7 Rc8 (29... Rb1+ $16 30. Kh2 Rb2) 30. Re2 (30. Kh2 $18) 30... Rd6 $16 31. Ne5+ Bxe5 32. Rxe5 Bd7 {[#]} 33. Rd5 $1 {[%mdl 576] Decoy} Rxd5 34. Qe4+ Rf5 {and ...Re8 would now be decisive} 35. g4 {[%cal Oh3h4][%mdl 64] Pin} c6 36. Kh2 {[%cal Oa2a4]} (36. gxf5+ Bxf5 37. Qa4 Bxh3 $11) 36... h5 37. gxf5+ Bxf5 {[%mdl 4096] Endgame KQ-KRB} 38. Qc4 (38. Qe7 $142) 38... f6 (38... h4 $16) 39. h4 $18 gxh4 (39... Re8 $16) 40. Qxh4 Bxc2 41. Qg3+ Kf7 42. Qh3 {[%csl LRc8,LRh5] Prevents Bf5} Rc7 {Wards off Qd7+} 43. Qxh5+ Bg6 44. Qa5 {[%mdl 1024] White has strong compensation.} Re7 45. f3 $1 {Inhibits Be4.} Kg7 46. a4 Be8 (46... Bf7 $16) 47. Qc5 Kf7 48. Kg3 Ke6 49. Qc4+ $1 Kd6 50. Kf4 Bf7 51. Qb4+ c5 {[#]} 52. Qb8+ Kd5 53. Qd8+ Ke6 54. Qd3 Rc7 {[#]} 55. Qa6+ {[%mdl 64] Skewer} Kd5 56. Qxf6 Rd7 57. Ke3 c4 58. f4 {[%cal Bf3f4,Bf4f5][%mdl 32]} Kc5 59. Qa6 Re7+ $2 (59... Rd3+ 60. Ke2 Rd7 (60... Bh5+ $2 61. Kf2 $18) 61. Qb5+ Kd6 62. Qe5+ Kc6) 60. Kd2 Rd7+ 61. Kc3 Rd3+ 62. Kc2 Rd7 63. f5 Bd5 64. Kc3 Bf7 65. Qc8+ Kd6 66. Kd4 Rc7 67. Qh8 Rd7 68. Qf6+ Kc7+ 69. Kc5 Rd5+ 70. Kb4 $1 a5+ (70... Rd7 $142 71. a5 Bd5) 71. Kc3 Rd3+ 72. Kc2 Bd5 73. Qa6 Rf3 74. f6 c3 75. Qe2 {[%cal Oe2f3] Strongly threatening Qxf3!.} ({Much less strong is} 75. Qxa5+ Kd6 76. Qb6+ Ke5 $18) 75... Kd6 76. Qe7+ Kc6 77. Qe2 {[%cal Oe2f3]} Kd6 78. Qe7+ Kc6 79. Qe5 $2 ({White should play} 79. Qd8 $18) 79... Kc5 $11 {The position is equal.} 80. f7 {Really sharp!} Rf2+ 81. Kxc3 Rxf7 82. Qe3+ Kc6 83. Kd4 Rd7 84. Qc3+ Kb7 85. Qxa5 Kb8 86. Qb5+ Kc8 87. Kc5 {Repels Bc6} Bb7 88. Qb4 {Intending Kb6 and mate.} Rc7+ 89. Kd4 Rc6 90. Qf8+ Kc7 91. Qe7+ Kb8 92. Qd8+ Ka7 93. Qa5+ Kb8 94. Qe5+ Ka7 95. Qa5+ Kb8 96. Qe5+ Ka7 97. Qa5+ Kb8 98. Qe5+ {Blacks defense is rewarded with a draw. An exciting game.   Weighted Error Value: White=0.20 (precise) /Black=0.33} Ka7 1/2-1/2

[Event "5th Cairns Cup 2025"]
[Site "Saint Louis USA"]
[Date "2025.06.19"]
[Round "9.4"]
[White "Dzagnidze, Nana"]
[Black "Tan, Zhongyi"]
[Result "1/2-1/2"]
[Annotator "Tactical Analysis 7.0"]
[WhiteElo "2505"]
[BlackElo "2546"]
[PlyCount "172"]
[GameId "2190725480583513"]
[EventDate "2025.06.10"]

1. Nf3 d5 2. c4 e6 3. g3 dxc4 4. Qa4+ Nd7 5. Bg2 a6 6. Qxc4 b5 7. Qc6 {A13: English Opening: 1...e6.} Rb8 8. d4 Bb7 9. Qc2 {Black has an edge.} c5 10. O-O Ngf6 11. a4 Qb6 (11... b4 $15) 12. axb5 $11 axb5 13. dxc5 (13. Be3 $11) 13... Bxc5 $15 14. Nc3 O-O 15. Bf4 Rbc8 16. Qb3 $146 ({Predecessor:} 16. Qd3 e5 17. Nxe5 Nxe5 18. Bxe5 Ng4 19. Qf5 Bxg2 20. Qxg4 f6 21. Bxf6 Qxf6 22. Kxg2 {1-0 Banas,J (2320)-Plachetka,J (2387) Tirnavia Reti Memorial op Trnava 2011 (5)}) 16... Ng4 {[%cal Rc5f2]} 17. Qxb5 Bxf2+ 18. Kh1 Bc6 19. Qxb6 Bxb6 20. h3 Ne3 21. Bxe3 Bxe3 22. Rfd1 Rfd8 23. Rd3 Bb6 24. Rad1 Nf8 25. Ne5 Be8 26. b3 {[%cal Bb2b3,Bb3c4,Bc4c5,Bc5c6][%mdl 32]} Rxd3 27. Rxd3 Bc7 28. Nc4 Ng6 29. Ne4 Bb5 30. Rd2 (30. Nc3 Bxc4 31. bxc4 Ne5 $17) 30... Bxc4 31. bxc4 f5 32. Nd6 {The position is equal.} Bxd6 33. Rxd6 $11 {[%mdl 4096] Endgame KRB-KRN} Kf7 34. Rc6 Rxc6 35. Bxc6 {KB-KN} Ke7 36. c5 Ne5 37. Ba4 Nd7 38. c6 Nb6 39. c7 Kd6 {[%cal Od6c7]} (39... Nxa4 $2 40. c8=Q $18 (40. c8=B $2 Nc5 $19)) 40. Bb3 Kd7 41. Kg2 Nd5 ({Reject} 41... Kxc7 $6 42. Bxe6 Kd6 43. Bxf5 $16) 42. Kf3 Nxc7 43. e4 fxe4+ 44. Kxe4 Kd6 45. h4 h6 46. Bc4 Nd5 47. Bb3 Ne7 48. Kf4 Nf5 49. Bc2 g6 {[#] and ...e5+ should not be overlooked} 50. Bb1 e5+ 51. Kf3 Ke6 52. Ba2+ Kf6 53. Bb1 Nd6 54. Bc2 g5 55. Kg4 Nc4 {[#] ( -> ...Ne3+)} 56. hxg5+ hxg5 57. Kf3 {Wards off Ne3} g4+ 58. Ke4 Nd6+ 59. Ke3 Ke6 60. Bd1 Kf5 61. Be2 Kg5 62. Bd3 Nf5+ 63. Kf2 $1 ({Don't blunder} 63. Ke4 $2 Kf6 (63... Nxg3+ 64. Kxe5 Nh5 65. Ke4 $11) 64. Kd5 Nxg3 $19) 63... Ng7 64. Ke3 Nh5 65. Kf2 $1 (65. Ke4 Kf6 (65... Nxg3+ 66. Kxe5 Nh1 67. Be4 $11) 66. Ke3 Nxg3 $19) 65... Kf6 66. Bc2 Ke6 67. Bd3 Nf6 68. Ke3 Kd6 69. Ba6 Kc5 70. Bc8 Kc4 71. Be6+ Kc3 72. Bf5 Kb2 73. Kd2 Kb3 74. Kd3 Kb4 75. Be6 Kc5 76. Ke3 Kd6 77. Bc8 Kd5 78. Bb7+ Ke6 79. Bc8+ Kf7 80. Bf5 Kg7 81. Be6 Kg6 82. Kd3 Kg5 83. Ke3 Nh5 84. Ke4 Nxg3+ 85. Kxe5 Nh5 86. Bxg4 {Weighted Error Value: White=0.04 (flawless) /Black=0.03 (flawless)} Kxg4 1/2-1/2

[Event "5th Cairns Cup 2025"]
[Site "Saint Louis USA"]
[Date "2025.06.19"]
[Round "9.5"]
[White "Muzychuk, Mariya"]
[Black "Koneru, Humpy"]
[Result "1-0"]
[Annotator "Tactical Analysis 7.0"]
[WhiteElo "2492"]
[BlackElo "2543"]
[PlyCount "91"]
[GameId "2190741732737750"]
[EventDate "2025.06.10"]

1. e4 e5 2. Nf3 Nc6 3. Bb5 a6 4. Ba4 Bc5 5. c3 Nge7 6. d4 {C70: Ruy Lopez: 3...a6 4 Ba4, Norwegian and Delayed Schliemann.} exd4 7. cxd4 Bb4+ 8. Bd2 {White is slightly better.} Bxd2+ 9. Qxd2 d5 10. exd5 Qxd5 {[%cal Oc8h3]} 11. Nc3 Qe6+ 12. Qe3 O-O 13. O-O Qd6 14. Rad1 Nb4 15. Ne5 Nbd5 16. Qf3 Nxc3 $146 ({Predecessor:} 16... c6 17. Bb3 h6 18. Rfe1 Be6 19. Ne4 Qc7 20. Nc5 Bc8 21. h3 a5 22. a3 b6 {0-1 Najer,E (2648)-Praggnanandhaa,R (2707) World-chT Rapid Duesseldorf 2023 (5.9)}) 17. bxc3 c6 18. Bb3 {[%cal Re5f7]} Be6 19. Rfe1 Bd5 20. Qg4 (20. Bxd5 {simplifies} Qxd5 21. Nxc6 Qxc6 22. Rxe7 Qxf3 23. gxf3 b5 24. Rd3) 20... Bxb3 21. axb3 Rfe8 22. Re3 Ng6 23. h4 b5 (23... Rad8 $11 24. Nc4 Qf6) 24. b4 {White has more active pieces.} Nxe5 25. dxe5 Qg6 {Black is weak on the dark squares} 26. Qd7 (26. Qf4 $14) 26... Qe6 $11 27. Rd6 Qxd7 28. Rxd7 {[%mdl 4096] Endgame KRR-KRR} a5 29. bxa5 Rxa5 30. Rc7 {[%cal Oe5e6]} Ra1+ 31. Kh2 {[%cal Oh4h5]} Ra4 32. g3 {[%cal Oe3f3]} Rc4 (32... h5 $11) 33. Rf3 Rf8 34. Rd3 {next h5 is good for White.} h6 (34... h5 $11 {remains equal.}) 35. Rdd7 (35. h5 $16) 35... Re4 $14 (35... Rxc3 $2 36. e6 Kh7 (36... fxe6 37. Rxg7+ Kh8 38. Rh7+ Kg8 39. Rcg7#) 37. e7 $18 (37. Rxf7 Rxf7 {[%mdl 64] Remove Defender} 38. exf7 Rf3 $16) (37. exf7 b4 $11)) 36. Re7 $1 {[%cal Oh2g2] [#]} h5 {[%cal Oc6c5]} 37. Kg2 $1 ({Don't take} 37. Rxc6 $6 b4 38. cxb4 Rxb4 $18) 37... Kh7 38. Rxc6 {and Kf3 would now be decisive} b4 39. cxb4 Rxb4 40. Rcc7 $1 Kg6 41. e6 (41. Red7 $16) {Black cannot hold the game after this.} 41... fxe6 $2 {[%mdl 8192] [#]} (41... Rb6 $11 {and Black stays safe.}) 42. Rxg7+ $18 {White is clearly winning.} Kf5 43. Rg5+ Ke4 44. Rxh5 Rb2 45. Rc4+ Kd3 {Weighted Error Value: White=0.12 (very precise) /Black=0.29 (precise)} 46. Rf4 1-0